Brazilian Série A 2025 First XI - Statistics

General Stats
  • This quiz has been taken 24 times
  • The average score is 51 of 220
Answer Stats
Club Position Nationality Player % Correct
Atlético Mineiro FW Hulk
60%
Palmeiras FW Vitor Roque
60%
Fluminense GK Fábio
55%
Fluminense RW Jhon Arias
55%
Fluminense FW Germán Cano
50%
Fluminense CB Thiago Silva
50%
Palmeiras GK Wéverton
50%
Bahia LW Erick Pulga
45%
Sport Recife CB João Silva
45%
Vasco da Gama AM Philippe Coutinho
45%
Flamengo GK Agustín Rossi
40%
Santos RW Benjamín Rollheiser
40%
Flamengo AM Bruno Henrique
40%
Internacional DM Bruno Henrique
40%
Flamengo DM Erick Pulgar
40%
Cruzeiro CB Fabrício Bruno
40%
Vitória GK Gabriel
40%
RB Bragantino DM Gabriel
40%
Cruzeiro FW Gabriel Barbosa
40%
Vasco da Gama DM Hugo Moura
40%
Bahia LM Jean Lucas
40%
Botafogo GK John
40%
Flamengo CB Leo Ortiz
40%
Cruzeiro DM Matheus Henrique
40%
Mirassol DM Neto Moura
40%
RB Bragantino CB Pedro Henrique
40%
Palmeiras DM Richard Ríos
40%
Internacional GK Sergio Rochet
40%
Corinthians FW Yuri Alberto
40%
Internacional AM Alan Patrick
35%
Flamengo LB Alex Sandro
35%
Cruzeiro GK Cássio
35%
Cruzeiro AM Dudu
35%
Atlético Mineiro GK Éverson
35%
Palmeiras LW Facundo Torres
35%
RB Bragantino CB Guzmán Rodríguez
35%
Botafogo RM Jefferson Savarino
35%
Palmeiras LB Joaquín Piquerez
35%
Cruzeiro FW Kaio Jorge
35%
Bahia FW Luciano Rodríguez
35%
São Paulo DM Luiz Gustavo
35%
Grêmio FW Matias Arezo
35%
Vasco da Gama FW Pablo Vegetti
35%
Vasco da Gama RB Paulo Henrique
35%
Mirassol LB Reinaldo
35%
Flamengo RB Wesley
35%
Internacional LW Wesley
35%
Juventude CB Adriano Martins
30%
Fluminense LW Agustín Canobbio
30%
Corinthians RW Ángel Romero
30%
Mirassol AM Chico
30%
Sport Recife CB Chico
30%
Grêmio LW Francis Amuzu
30%
Botafogo FW Igor Jesus
30%
São Paulo FW Jonathan Calleri
30%
Fortaleza CM Leandro Emmanuel Martínez
30%
Flamengo CB Léo Pereira
30%
Palmeiras DM Lucas Evangelista
30%
Flamengo RW Luiz Araújo
30%
Fluminense DM Martinelli
30%
Grêmio DM Mathías Villasanti
30%
Flamengo DM Nicolás De La Cruz
30%
Internacional FW Rafael Borré
30%
Palmeiras AM Raphael Veiga
30%
São Paulo CB Robert Arboleda
30%
Grêmio GK Tiago Volpi
30%
Internacional CB Vitão
30%
Grêmio CB Wagner
30%
Atlético Mineiro CM Alan Franco
25%
São Paulo CB Alan Franco
25%
Botafogo CB Alexander Barboza
25%
Internacional LB Alexandro Bernabei
25%
Corinthians DM Alex Santana
25%
Botafogo LB Alex Telles
25%
Internacional RB Braian Aguirre
25%
Fortaleza LB Diogo Barbosa
25%
Grêmio AM Edenílson
25%
Internacional DM Fernando
25%
Santos GK Gabriel Brazão
25%
Santos CB Gil
25%
Santos LW Guilherme
25%
Atlético Mineiro LB Guilherme Arana
25%
Corinthians LB Hugo
25%
RB Bragantino RW Ignacio Laquintana
25%
Botafogo CB Jair Cunha
25%
Grêmio CB Jemerson
25%
Fortaleza FW Juan Martín Lucero
25%
Grêmio LB Lucas Esteves
25%
Sport Recife RW Lucas Lima
25%
São Paulo FW Luciano
25%
Atlético Mineiro CB Lyanco
25%
Botafogo CM Marlon Freitas
25%
Palmeiras RB Mayke
25%
Fluminense LB Renê
25%
Vitória RM Ronald
25%
Bahia GK Ronaldo
25%
Atlético Mineiro FW Rony
25%
Botafogo RB Vitinho
25%
Internacional RW Vitinho
25%
Cruzeiro RB William
25%
Fortaleza RB Yago Pikachu
25%
Santos AM Álvaro Barreal
20%
Corinthians CB André Ramalho
20%
Corinthians AM Breno
20%
Sport Recife GK Caíque França
20%
Grêmio RW Cristian Olivera
20%
RB Bragantino FW Eduardo Sasha
20%
Palmeiras RW Estêvão Willian
20%
Bahia RM Everton Ribeiro
20%
Ceará RB Fabiano Souza
20%
Ceará LW Fernandinho
20%
Bahia RB Gilberto
20%
Fluminense RB Guga
20%
Fortaleza CM Guillermo Matías Fernández
20%
Atlético Mineiro RM Gustavo Scarpa
20%
Fluminense DM Hércules
20%
São Paulo RB Igor Vinícius de Souza
20%
Santos DM João Schmidt
20%
Mirassol CB João Victor
20%
Vasco da Gama CB João Victor
20%
Flamengo FW Juninho
20%
Internacional CB Juninho
20%
Atlético Mineiro CB Júnior Alonso
20%
Vasco da Gama GK Léo Jardim
20%
Fortaleza CM Lucas Sasha
20%
Fortaleza FW Marinho
20%
Corinthians GK Matheus Donelli
20%
Vasco da Gama LW Nuno Gonçalo Moreira
20%
Vasco da Gama DM Paulinho
20%
Ceará FW Pedro Raul
20%
Sport Recife CM Sérgio Oliveira
20%
Corinthians LW Talles Magno
20%
Santos FW Tiquinho Soares
20%
Atlético Mineiro LM Tomás Cuello
20%
Cruzeiro AM Wanderson
20%
Bahia RW Ademir Santos
15%
Mirassol GK Alex Muralha
15%
São Paulo DM Alisson
15%
Ceará RW Antonio Galeano
15%
Botafogo LM Artur
15%
Fortaleza CB Benjamín Kuscevic
15%
Grêmio DM Camilo
15%
Mirassol LW Clayson
15%
Sport Recife CM Du Queiroz
15%
Juventude LM Ênio
15%
Juventude RM Enmerson Batalla
15%
Mirassol RW Everton Maceió
15%
Juventude RB Ewerton
15%
Santos DM Gabriel Bontempo
15%
Atlético Mineiro CM Gabriel Menino
15%
Santos LB Gonzalo Escobar
15%
Botafogo DM Gregore
15%
Fortaleza CB Guilherme Tinga
15%
Vitória RW Gustavo Mosquito
15%
Grêmio RB Igor Serrote
15%
Juventude CM Jadson
15%
Mirassol CB Jemmes
15%
Santos RB João Pedro Chermont
15%
Vitória LM João Pedro Pepê
15%
RB Bragantino RB José Hurtado
15%
Fluminense CB Juan Freytes
15%
RB Bragantino LB Juninho Capixaba
15%
Cruzeiro LB Kaiki
15%
Bahia CB Kanu
15%
Fluminense AM Kevin Serna
15%
Ceará AM Lucas Mugni
15%
Mirassol RB Lucas Ramon
15%
Bahia LB Luciano Juba
15%
Juventude FW Luis Mandaca
15%
São Paulo AM Marcos Antônio
15%
Cruzeiro CB Mateo Gamarra
15%
Ceará LB Matheus Bahia
15%
RB Bragantino DM Matheus Fernandes
15%
Corinthians CM Maycon
15%
Palmeiras CB Micael
15%
Flamengo LW Michael
15%
Atlético Mineiro RB Natanael
15%
Vitória CM Ricardo
15%
Cruzeiro DM Walace
15%
Vitória FW Wellington Rato
15%
Juventude CB Abner
10%
Juventude LB Alan Ruschel
10%
Vasco da Gama RW Benjamín Garré
10%
Corinthians CB Cacá
10%
Bahia CM Caio Alexandre
10%
Sport Recife CM Christian Rivera
10%
Vitória RB Claudinho
10%
Juventude CM Daniel Giraldo
10%
Mirassol DM Danielzinho
10%
Sport Recife RB Diogo Hereda
10%
Ceará DM Fernando Sobral
10%
Juventude FW Gabriel Taliari
10%
Sport Recife LB Igor Cariús
10%
Vitória FW Janderson
10%
São Paulo CB José Sabino
10%
Sport Recife LW Lenny Lobato
10%
Corinthians RB Léo Mana
10%
Vitória CB Lucas Halter
10%
Vasco da Gama LB Lucas Piton
10%
Juventude GK Marcão
10%
Vasco da Gama CB Mauricio Lemos
10%
Vitória CB Neris
10%
Sport Recife FW Pablo
10%
Botafogo CM Patrick de Paula
10%
Fortaleza CB Titi
10%
São Paulo WB Wendell
10%
Santos CB Zé Ivaldo
10%
Ceará GK Bruno Ferreira
5%
RB Bragantino GK Cleiton Schwengber
5%
Ceará DM Dieguinho
5%
Mirassol FW Iury de Castilho
5%
Vitória LB Jamerson
5%
RB Bragantino AM Jhonatan Jowjow
5%
Fortaleza GK João Ricardo Riedi
5%
Ceará CB Marllon Borges
5%
Palmeiras CB Murilo Cerqueira
5%
São Paulo GK Rafael Pires
5%
Bahia CB Santi Ramos Mingo
5%
RB Bragantino LW Vinicius Mendonça
5%
Ceará CB Willian Machado
5%
No matching quizzes found
Score Distribution
Percent of People with Each Score
Percentile by Number Answered
Your Score History
You have not taken this quiz